00585nam a2200193Ia 4500008004100000020001800041041000800059082001500067100001100082245003600093260003600129300000900165500001800174500001000192650001600202700001100218999001700229952014500246230125s9999 xx 000 0 und d a81-7132-192-5 aeng a305.4bDEV aDevi S aWomens status and social change c1999bPointer publisheraJaipur a287p aWemens status aWomen aWomen Study aDevi S c92888d92888 00104070aHIMRbHIMRd2000-12-21eSatya Gilanig550.00o305.4 DEV DB0388pHIMR-DB-388r2023-01-25 00:00:00v550.00w2000-12-27yDBzDB0388